Top 50 biggest Cities in Italy - 1 minute sprint - Statistics

General Stats
  • This quiz has been taken 22 times
  • The average score is 17 of 50
Answer Stats
City Population % Correct
Milan 1,396,059
100%
Rome 2,837,332
100%
Venice 259,150
100%
Florence 372,038
86%
Naples 962,589
86%
Turin 870,952
79%
Bologna 390,625
71%
Catania 311,402
71%
Genoa 574,090
71%
Palermo 657,960
71%
Verona 259,608
64%
Bari 322,316
57%
Brescia 199,579
43%
Padua 212,395
43%
Parma 198,292
43%
Messina 229,565
36%
Monza 124,051
36%
Rimini 151,200
36%
Syracuse 120,405
36%
Bergamo 121,781
29%
Cagliari 153,231
29%
Prato 194,913
29%
Trieste 203,234
29%
Ferrara 132,195
21%
Livorno 157,024
21%
Perugia 166,969
21%
Salerno 132,702
21%
Taranto 195,227
21%
Trento 118,902
21%
Ancona 100,282
14%
Andria 99,307
14%
Arezzo 99,258
14%
Foggia 149,904
14%
Latina 129,133
14%
Modena 186,830
14%
Novara 103,985
14%
Ravenna 158,058
14%
Reggio di Calabria 178,760
14%
Vicenza 111,764
14%
Pescara 119,800
7%
Piacenza 104,315
7%
Sassari 126,769
7%
Terni 110,530
7%
Udine 99,051
7%
Bolzano-Bozen 107,407
0%
Cesena 97,190
0%
Forlì 118,000
0%
Giugliano in Campania 125,058
0%
Pesaro 96,832
0%
Reggio nell'Emilia 172,124
0%
No matching quizzes found
Score Distribution
Percent of People with Each Score
Percentile by Number Answered
Your Score History
You have not taken this quiz